000 00623nam a2200241 a 4500
999 _c4808
_d4808
001 4808
003 BD-JhCC
005 20171209163420.0
008 171203s19471964e |||| || | 000 0 eng d
035 _a(BD-JhCC)4808
040 _aBD-JhCC
_dBD-JhCC
041 _aeng
082 _a920
_bNOR 1964
100 _aNorthcott, Cecil
245 _aSix Missionaries in Africa /
_cCecil Northcott, Joyce Reason
250 _a2nd ed.
260 _aLondon :
_bOxford University Press,
_c1964.
300 _a69 p. :
_c18 cm.
650 _aMissionaries
_zAfrica
700 _aReason, Joyce
942 _2ddc
_cBK